Povinnosti podnikateľov voči spotrebiteľom. Zákazníkov v Čechách, ako aj na Slovensku chráni rovnaká právna norma.

Zákon FZ ČSFR č. 634/92 Sb. o ochrane spotrebiteľa platí v ČR a SR. Od 1.1.1993 platí nový zákon, ktorý upresňuje pravidlá vzájomného vzťahu medzi podnikateľom a spotrebiteľom. Úprava znamená zvýšenú právnu ochranu spotrebiteľa. Priestupky voči spotrebiteľom sú sankcionované príslušnými kontrolnými...

Descrizione completa

Salvato in:
Dettagli Bibliografici
Autore principale: Hron, S.
Natura: Capitolo di libro
Lingua:slovacco
Soggetti:
Tags: Aggiungi Tag
Nessun Tag, puoi essere il primo ad aggiungerne!!

MARC

LEADER 00000naa a2200000 4500
001 r012387
005 20220826092557.1
041 0 |a slo 
044 |a CZ 
245 1 0 |a Povinnosti podnikateľov voči spotrebiteľom.  |b Zákazníkov v Čechách, ako aj na Slovensku chráni rovnaká právna norma.  |c S. Hron 
520 |a Zákon FZ ČSFR č. 634/92 Sb. o ochrane spotrebiteľa platí v ČR a SR. Od 1.1.1993 platí nový zákon, ktorý upresňuje pravidlá vzájomného vzťahu medzi podnikateľom a spotrebiteľom. Úprava znamená zvýšenú právnu ochranu spotrebiteľa. Priestupky voči spotrebiteľom sú sankcionované príslušnými kontrolnými orgánmi. Komentované paragrafy č. 3 o predávaní výrobkov a poskytovaní služieb, ­ č. 7 o predaji nebezpečných výrobkov, ­ č. 12 informácie o cenách výrobkov, vybavovanie reklamácií. Zákon č. 632/92 Sb. o technických normách znevýhodňuje podnikateľov. 
610 2 0 |a ochrana spotrebiteľa 
610 2 0 |a podnikatelia 
610 2 0 |a spotrebitelia 
610 2 0 |a zákony 
610 2 0 |a ČSFR 
610 2 0 |a Čechy 
610 2 0 |a Slovensko 
610 2 0 |a sankcie 
100 1 |a Hron, S.